[Event "Ch Slovakia (team) 2011/12 (1 liga) West"]
[Site "Slovakia"]
[Date "2012.02.05"]
[Round "9"]
[White "Kaniansky Miroslav (SVK)"]
[Black "Castiglione Mario (SVK)"]
[Result "0-1"]
[WhiteElo "2207"]
[BlackElo "2282"]

1.d4 Nf6 2.Nf3 d6 3.c4 Bg4 4.Nc3 Nbd7 5.e4 e5 6.Be2 Be7 7.Be3 O-O 8.O-O Re8
9.d5 h6 10.Nd2 Bxe2 11.Qxe2 Nh7 12.b4 Bg5 13.c5 a6 14.Rfc1 g6 15.cxd6 cxd6
16.Nc4 Qe7 17.Bxg5 Nxg5 18.Na5 Nf6 19.Qe3 Rad8 20.f3 Nh5 21.Ne2 f5 22.Rc4 fxe4
23.fxe4 Rf8 24.Rac1 Nf4 25.Rc7 Ngh3+ 26.Kh1 Qh4 27.g3 Qg4 28.Nxf4 exf4 29.Qc3
Rd7 30.Rxd7 Qxd7 31.gxf4 Nf2+ 32.Kg2 Nxe4 33.Qf3 Qf5 34.Rd1 Ng5 35.Qd3 Qg4+
36.Kh1 Nh3 37.Rf1 Rxf4 {#R} 0-1

[Event "Extraliga 2011/12"]
[Site "Slovakia"]
[Date "2012.02.11"]
[Round "7"]
[White "Babula Vlastimil (CZE)"]
[Black "Mrva Martin (SVK)"]
[Result "1-0"]
[WhiteElo "2562"]
[BlackElo "2465"]

1.d4 Nf6 2.c4 d6 3.Nf3 Bg4 4.Nc3 c5 5.dxc5 Bxf3 6.gxf3 dxc5 7.Qxd8+ Kxd8 8.Bf4
Nh5 9.O-O-O+ Kc8 10.Bxb8 Rxb8 11.Rd5 Nf6 12.Rxc5+ Kd8 13.Bh3 e6 14.Rd1+ Nd7
15.Ne4 Be7 16.Ra5 Kc7 17.Rxa7 Nc5 18.Nc3 Rhd8 19.Ra5 Rxd1+ 20.Kxd1 Rd8+ 21.Kc2
Na6 22.a3 Nb8 23.e3 g6 24.f4 Nc6 25.Rb5 Bh4 26.Ne4 Re8 27.Bg2 e5 28.Nc5 Nd8
29.Nxb7 Bxf2 30.Nxd8 exf4 31.Nxf7 fxe3 32.Rb7+ {#r} 1-0

[Event "Tournament (open)"]
[Site "Liege (Belgium)"]
[Date "2012.03.02"]
[Round "5"]
[White "Wilket Andre"]
[Black "Thiry Jean-Louis"]
[Result "1-0"]
[WhiteElo "1448"]
[BlackElo "1197"]

1.d4 d6 2.c4 Nf6 3.Nf3 Bg4 4.Nc3 Bxf3 5.exf3 a6 6.Bd3 Nbd7 7.O-O e6 8.Bg5 Be7
9.Qc2 h6 10.Bd2 c5 11.d5 Ne5 12.dxe6 Nxd3 13.exf7+ Kxf7 14.Qxd3 Rf8 15.Rad1
Qc7 16.Bf4 Rad8 17.Nd5 Nxd5 18.Qxd5+ Ke8 19.Qh5+ Rf7 20.Rfe1 Kf8 21.Bd2 Qd7
22.Bc3 Rf5 23.Qg4 Rg5 24.Qxd7 Rxd7 25.Re4 d5 26.cxd5 Rgxd5 27.Rxd5 Rxd5 28.Kf1
Bf6 29.Rf4 Ke7 30.Bxf6+ gxf6 31.Ke2 Re5+ 32.Re4 Kd6 33.Ke3 Rg5 34.g4 f5 35.h4
fxe4 36.hxg5 hxg5 37.Kxe4 Ke6 38.f4 Kf6 39.f5 b5 40.Kd5 c4 41.Kc5 Ke5 42.a3
Kf6 43.Kb6 Ke5 44.Kxa6 Kd4 45.Kxb5 {#r} 1-0

[Event "Ch Moscow"]
[Site "Moscow (Russia)"]
[Date "2012.03.10"]
[Round "1"]
[White "Severina Maria (RUS)"]
[Black "Dvalishvili Pavel S (RUS)"]
[Result "1/2-1/2"]
[WhiteElo "2185"]
[BlackElo "2406"]

1.d4 Nf6 2.Nf3 d6 3.c4 Bg4 4.h3 Bxf3 5.exf3 Nbd7 6.Be2 c6 7.Nc3 e6 8.O-O d5
9.f4 dxc4 10.f5 exf5 11.d5 Bb4 12.dxc6 bxc6 13.Bxc4 O-O 14.Qc2 Qa5 15.Bd2 Nb6
16.Bb3 Nbd5 17.Qxf5 Nxc3 18.Qxa5 Bxa5 19.Bxc3 Bxc3 20.bxc3 Rfd8 21.Rfd1 Kf8
22.Kf1 Ne4 23.Rac1 a5 24.f3 Nc5 25.Rd4 Rxd4 26.cxd4 Nxb3 27.axb3 Rb8 28.Rxc6
Rxb3 29.Ra6 Rd3 30.Rxa5 Rxd4 {#d} 1/2-1/2

[Event "Extraliga 2011/12"]
[Site "Slovakia"]
[Date "2012.03.11"]
[Round "11"]
[White "Markos Jan (SVK)"]
[Black "Mrva Martin (SVK)"]
[Result "1-0"]
[WhiteElo "2576"]
[BlackElo "2465"]

1.d4 Nf6 2.Nf3 d6 3.c4 Bg4 4.Nc3 Nbd7 5.e4 e5 6.d5 Nc5 7.h3 Bxf3 8.Qxf3 a5
9.g4 c6 10.g5 Nfd7 11.h4 Qb6 12.h5 Qb4 13.Rb1 Na4 14.Bd2 Nxc3 15.Bxc3 Qa4
16.g6 hxg6 17.hxg6 Rxh1 18.gxf7+ Kd8 19.Qxh1 Nc5 20.Rd1 Kc7 21.a3 Qb3 22.Qf3
b5 23.cxb5 cxb5 24.Ra1 Kb6 25.Be2 Qc2 26.Rd1 Qb3 27.Ra1 Qc2 28.b4 axb4 29.Bxb4
Nxe4 30.Bd3 Qb2 31.Rb1 Ng5 32.Qf5 Qd4 33.Bd2 Qxd5 34.Rxb5+ {#r} 1-0

[Event "Ch Czech Republic (team) (1 liga) West"]
[Site "Czech Republic"]
[Date "2012.04.01"]
[Round "11"]
[White "Plesek Jiri (CZE)"]
[Black "Sura Jaroslav (CZE)"]
[Result "1-0"]
[WhiteElo "2168"]
[BlackElo "2187"]

1.Nf3 Nf6 2.d4 d6 3.c4 Bg4 4.Qb3 Qc8 5.Bg5 Nbd7 6.Nbd2 h6 7.Bf4 c5 8.e3 g6
9.h3 Bxf3 10.Nxf3 Bg7 11.Be2 O-O 12.O-O Ne4 13.Rad1 Qc6 14.Nd2 f5 15.Nxe4 fxe4
16.Bg4 cxd4 17.Be6+ Kh7 18.Bd5 Qb6 19.Bxe4 Qxb3 20.axb3 Nc5 21.Bc2 d3 22.Bxd3
Bxb2 23.Bc2 a5 24.h4 Kg7 25.h5 gxh5 26.Rd5 Rf6 27.Bg3 Rb8 28.Bh4 Rf7 29.Bd1
Bf6 30.Bg3 h4 31.Bh2 b5 32.Rxc5 a4 33.bxa4 bxa4 34.Ra5 {#r} 1-0

[Event "It (open) \"]
[Site "Ostrava (Czech Republic)"]
[Date "2012.04.30"]
[Round "3"]
[White "Plasil Petr (CZE)"]
[Black "Omamik Pavel (CZE)"]
[Result "0-1"]
[WhiteElo "1948"]
[BlackElo "2086"]

1.Nf3 d6 2.d4 Bg4 3.c4 Nf6 4.Nc3 g6 5.Qb3 Qc8 6.Nd2 Bg7 7.h3 Bd7 8.Nf3 O-O
9.e4 a5 10.a3 Nc6 11.d5 Nd8 12.Be3 b6 13.Qc2 e5 14.Qc1 a4 15.Bh6 Nb7 16.Bd3
Nc5 17.Bc2 Qa6 18.Bxg7 Kxg7 19.Nd2 Nh5 20.g3 Qc8 21.b4 axb3 22.Nxb3 Nxb3
23.Bxb3 Bxh3 24.Nb5 Bg2 25.Rh4 f5 26.Bd1 f4 27.Bg4 Qd8 28.Bxh5 gxh5 29.Rxh5
Bxe4 30.Qc3 Bg6 31.Rh4 Kg8 32.Kd2 Qg5 33.Ke1 Rf7 34.Ra2 Raf8 35.Rh2 fxg3
36.fxg3 Rf1+ 37.Ke2 Bh5+ {#R} 0-1

[Event "It \"]
[Site "Vienna (Austria)"]
[Date "2012.05.11"]
[Round "5"]
[White "Baumegger Siegfried (AUT)"]
[Black "Trkulja Zoran (AUT)"]
[Result "1/2-1/2"]
[WhiteElo "2422"]
[BlackElo "2198"]

1.Nf3 Nf6 2.c4 d6 3.d4 Bg4 4.Nc3 Bxf3 5.exf3 Nbd7 6.g3 g6 7.Bg2 Bg7 8.O-O O-O
9.f4 c6 10.d5 cxd5 11.cxd5 Rc8 12.Re1 Ne8 13.Qe2 Qa5 14.Qxe7 Rc7 15.Qe2 Nc5
16.f5 Nb3 17.axb3 Qxa1 18.Bf4 Qa6 19.Nb5 Rc8 20.Bf1 Qb6 21.Be3 Qa5 {#d}
1/2-1/2

[Event "It (open)"]
[Site "Ortisei (Italy)"]
[Date "2012.06.05"]
[Round "4"]
[White "Zier Oliver (LIE)"]
[Black "Lehnert Michael (GER)"]
[Result "1-0"]
[WhiteElo "2123"]
[BlackElo "2030"]

1.d4 d6 2.Nf3 Nf6 3.c4 Bg4 4.Nc3 Nbd7 5.e4 e5 6.d5 Be7 7.h3 Bh5 8.Be3 O-O
9.Bd3 h6 10.Qd2 Nxe4 11.Bxe4 f5 12.Bc2 f4 13.Qd3 fxe3 14.Qh7+ Kf7 15.Qf5+ Nf6
16.g4 exf2+ 17.Kxf2 Kg8 18.gxh5 e4 19.Nxe4 Nxe4+ 20.Qxe4 Bh4+ 21.Kg2 Rxf3
22.Qh7+ Kf8 23.Qh8+ Kf7 24.Bg6+ {#r} 1-0

[Event "Match (blitz)"]
[Site "Saint Louis (USA)"]
[Date "2012.06.13"]
[Round "5"]
[White "Karpov Anatoly (RUS)"]
[Black "Seirawan Yasser (USA)"]
[Result "0-1"]
[WhiteElo "2617"]
[BlackElo "2644"]

1.d4 Nf6 2.c4 d6 3.Nf3 Bg4 4.Nbd2 Nbd7 5.h3 Bh5 6.Qb3 Rb8 7.e4 e5 8.Qe3 a5
9.Bd3 Be7 10.O-O O-O 11.b3 c6 12.Bb2 Qc7 13.Rac1 Rfe8 14.Rfe1 Bf8 15.dxe5 dxe5
16.c5 Bxf3 17.Nxf3 Nh5 18.g3 g6 19.Rc4 Ng7 20.Rec1 Ne6 21.Bf1 f6 22.h4 Be7
23.Bh3 Ndf8 24.Qe2 Red8 25.R4c2 Rd7 26.Qc4 Kf7 27.Ba3 Rbd8 28.Kg2 Rd3 29.Rc3
Qd7 30.Qa4 Rxc3 31.Rxc3 Qd1 32.Rc1 Qe2 33.Qxa5 Rd3 34.Ne1 Rd2 {#R} 0-1

[Event "Ch Russia (Higher League) (w)"]
[Site "Tiumen (Russia)"]
[Date "2012.06.17"]
[Round "2"]
[White "Sukhareva Evgeniya (RUS)"]
[Black "Likhovid Ekaterina (RUS)"]
[Result "1-0"]
[WhiteElo "2236"]
[BlackElo "2030"]

1.d4 d6 2.Nf3 Nf6 3.c4 Bg4 4.Nfd2 e5 5.d5 e4 6.Qb3 Nbd7 7.Qxb7 Nc5 8.Qb5+ Bd7
9.Qa5 e3 10.fxe3 Nfe4 11.g3 Qf6 12.Nxe4 Nxe4 13.Nc3 Qf2+ 14.Kd1 Nxc3+ 15.Qxc3
h5 16.e4 Be7 17.Be3 Qf6 18.Bd4 Qg6 19.Bxg7 Rh7 20.Bd4 Qxe4 21.Rg1 Kf8 22.Qd3
Qxd3+ 23.exd3 Bg5 24.Kc2 a5 25.Bg2 h4 26.Be4 f5 27.Raf1 Rf7 28.Bf3 h3 29.Re1
a4 30.Rgf1 a3 31.b3 Re8 32.Rxe8+ Bxe8 33.Bh5 Bd7 34.Bxf7 Kxf7 35.Bc3 {#r} 1-0

[Event "It (open)"]
[Site "Montcada (Spain)"]
[Date "2012.07.02"]
[Round "8"]
[White "Arjun Bharat (IND)"]
[Black "Anurag Mhamal (IND)"]
[Result "0-1"]
[WhiteElo "2250"]
[BlackElo "2301"]

1.Nf3 Nf6 2.c4 d6 3.d4 Bg4 4.Nc3 Nbd7 5.e4 e5 6.Be3 Be7 7.Be2 Bh5 8.Nd2 Bg6
9.O-O O-O 10.g3 exd4 11.Bxd4 c6 12.f4 h6 13.Bf3 Qc7 14.Rc1 Rfe8 15.Qe2 Rac8
16.Qg2 Qb8 17.g4 Bd8 18.h4 Nf8 19.g5 hxg5 20.hxg5 N6d7 21.Bg4 Bh7 22.f5 Bxg5
23.f6 Bh6 24.fxg7 Ne6 25.Bh5 Re7 26.Bf6 Nxf6 27.Rxf6 Bg5 28.e5 Nf4 29.Qg4 Nxh5
30.Qxh5 Bxf6 31.exf6 Re5 32.Qh4 Rce8 33.Kg2 Qc8 34.Nf3 Qf5 35.Nxe5 Rxe5 36.Rf1
Qg6+ 37.Kf2 Qc2+ 38.Kg3 Qg6+ 39.Kf2 Rh5 40.Qd4 Qc2+ 41.Ke3 Rh3+ 42.Rf3 Qc1+
43.Kf2 Qxb2+ 44.Ke3 c5 45.Qd2 Rxf3+ {#R} 0-1

[Event "Ch Pan-American (amateurs)"]
[Site "Cartagena (Colombia)"]
[Date "2012.07.07"]
[Round "7"]
[White "Chacon Cordoba Edgardo"]
[Black "Valencia Dario"]
[Result "1-0"]
[WhiteElo "1874"]
[BlackElo "1958"]

1.d4 Nf6 2.Nf3 d6 3.c4 Bg4 4.Nc3 c6 5.e4 Nbd7 6.Be2 e5 7.d5 a5 8.O-O Be7 9.h3
Bh5 10.Be3 O-O 11.g4 Bg6 12.Nh4 Rc8 13.Nf5 Bxf5 14.exf5 cxd5 15.Nxd5 Nxd5
16.Qxd5 Rc6 17.Rfd1 Nc5 18.Bf3 Qc7 19.Rac1 h6 20.Qd2 e4 21.Bg2 Bf6 22.Bxc5
Rxc5 23.Qxd6 Qxd6 24.Rxd6 Bxb2 25.Rb1 Bc3 26.Bxe4 Rxc4 27.Bxb7 Bb4 28.Rd7 Rc2
29.Bd5 Rc3 30.Kg2 Rc2 31.h4 Bc5 32.Rxf7 Rxf7 33.Rb8+ Bf8 34.g5 hxg5 35.hxg5 g6
36.fxg6 Rxf2+ 37.Kh3 Rf3+ 38.Kg4 Rf4+ 39.Kh5 Kg7 40.gxf7 Rb4 41.Ra8 Rb5 42.Bb3
Rc5 43.Ra6 a4 44.Rg6+ Kh7 45.Bxa4 Rc4 46.Rg8 Rxa4 47.g6# 1-0

[Event "It (open) \"]
[Site "Barcelona (Spain)"]
[Date "2012.07.18"]
[Round "6"]
[White "Prasanna Rao (IND)"]
[Black "Anurag Mhamal (IND)"]
[Result "0-1"]
[WhiteElo "2428"]
[BlackElo "2301"]

1.d4 Nf6 2.c4 d6 3.Nf3 Bg4 4.Nc3 Nbd7 5.g3 Bxf3 6.exf3 c6 7.Bg2 g6 8.O-O Bg7
9.d5 O-O 10.f4 cxd5 11.cxd5 Nb6 12.Re1 Rc8 13.Be3 Nc4 14.Bd4 Nxb2 15.Qb1 Rc4
16.Ne2 Rxd4 17.Nxd4 Qb6 18.Nb3 Ng4 19.Qc2 Nd3 20.Qxd3 Qxf2+ 21.Kh1 Qxe1+
22.Rxe1 Nf2+ 23.Kg1 Nxd3 24.Rxe7 Rb8 25.Be4 Nb4 26.Na5 Bd4+ 27.Kg2 Bb6 28.Nxb7
Kf8 29.Rd7 Ke8 30.Rxd6 Rxb7 31.a3 {#R} 0-1

[Event "It (open)"]
[Site "Pardubice (Czech Republic)"]
[Date "2012.07.24"]
[Round "5"]
[White "Tate Alan (SCO)"]
[Black "Gutman Gennadi (UKR)"]
[Result "1/2-1/2"]
[WhiteElo "2346"]
[BlackElo "2493"]

1.Nf3 Nf6 2.c4 d6 3.d4 Bg4 4.Qb3 Qc8 5.h3 Bh5 6.g4 Bg6 7.Nc3 Nbd7 8.g5 Nh5
9.Nh4 e5 10.e3 c6 11.Bd2 Qc7 12.O-O-O Be7 13.Rg1 Nf8 14.f4 exf4 15.exf4 Ne6
16.Ne2 f5 17.Qe3 Qd7 18.Bg2 O-O 19.d5 Nc5 20.dxc6 bxc6 21.Nd4 Rac8 22.Rge1
Rfe8 23.Qf3 Ne4 24.Ndxf5 Nxd2 25.Nxe7+ Rxe7 26.Kxd2 Rxe1 27.Rxe1 Qb7 28.b3
Qb4+ 29.Qc3 Qa3 30.Nxg6 Qxa2+ 31.Kc1 hxg6 32.Bf3 Qa3+ 33.Kc2 Qa2+ 34.Kc1 Qa3+
{#d} 1/2-1/2

[Event "Ch Croatia (juniors) (under 17) (g)"]
[Site "Topusko (Croatia)"]
[Date "2012.07.24"]
[Round "3"]
[White "Ivekovic Tihana (CRO)"]
[Black "Posmuga Suzana"]
[Result "1-0"]
[WhiteElo "2003"]
[BlackElo "1570"]

1.d4 d6 2.Nf3 Nf6 3.c4 Bg4 4.Qb3 b6 5.e3 c5 6.Be2 g6 7.O-O Bg7 8.Nc3 O-O 9.Rd1
Nbd7 10.h3 Bxf3 11.Bxf3 Rb8 12.Qc2 Qc7 13.Nb5 Qd8 14.Nxa7 Qe8 15.Nb5 cxd4
16.exd4 Rc8 17.Qe2 Nb8 18.b3 Qd7 19.Ba3 Na6 20.Rac1 Nc7 21.Bb4 Na6 22.Be1 e6
23.a4 d5 24.a5 dxc4 25.bxc4 bxa5 26.Bxa5 Ne8 27.c5 Nac7 28.c6 Qe7 29.d5 Nxb5
30.Qxb5 Nd6 31.Qc5 exd5 32.Rxd5 {#r} 1-0

[Event "It (open)"]
[Site "Avoine (France)"]
[Date "2012.07.25"]
[Round "5"]
[White "Bouget Alexandre (FRA)"]
[Black "Gros Patrick (FRA)"]
[Result "1-0"]
[WhiteElo "2202"]
[BlackElo "2032"]

1.d4 d6 2.Nf3 Nf6 3.c4 Bg4 4.Qb3 Qc8 5.Nc3 e6 6.Bg5 Nbd7 7.e3 h6 8.Bh4 Bf5
9.h3 Be7 10.g4 Bh7 11.Bg2 c6 12.O-O g5 13.Bg3 Ne4 14.Nxe4 Bxe4 15.Nd2 Bxg2
16.Kxg2 O-O 17.f4 c5 18.Qd3 cxd4 19.exd4 Qc6+ 20.Kh2 Bf6 21.fxg5 Bxg5 22.Ne4
Be7 23.Bf4 d5 24.cxd5 Qxd5 25.Bxh6 Ne5 26.Qe2 Qxd4 27.Bxf8 Kxf8 28.Rad1 Qb6
29.Qf2 Qc7 30.Kh1 Qc6 31.Qf4 Qb5 32.a4 Qxb2 33.Rd2 Qb3 34.Qxe5 Qxh3+ 35.Kg1
{#r} 1-0

[Event "It (open)"]
[Site "Arad (Romania)"]
[Date "2012.07.29"]
[Round "3"]
[White "Deac Bogdan-Daniel (ROM)"]
[Black "Gilea Lucian (ROM)"]
[Result "1-0"]
[WhiteElo "1950"]
[BlackElo "2286"]

1.d4 Nf6 2.c4 d6 3.Nf3 Bg4 4.Nc3 Nbd7 5.g3 c6 6.Bg2 e5 7.d5 cxd5 8.cxd5 Be7
9.O-O O-O 10.Be3 Nb6 11.Qb3 Qc7 12.Nd2 Rfc8 13.Rfc1 Nbd7 14.f3 Bf5 15.Bf2 Nc5
16.Qd1 a5 17.Bf1 Qb8 18.e4 Bd7 19.a4 Ne8 20.Nc4 b6 21.Nb5 g6 22.Nc3 f5 23.exf5
Bxf5 24.Bxc5 Rxc5 25.Ne4 Bxe4 26.fxe4 Nf6 27.Nd2 Qc8 28.Nb3 Rxc1 29.Rxc1 Qd7
30.Bb5 Qh3 31.Qe2 Rf8 32.Rf1 Ng4 33.Rxf8+ Bxf8 34.Bd7 h5 35.Bxg4 hxg4 36.Nd2
Qh6 37.Nf1 Qg5 38.Ne3 Bh6 39.Nxg4 Qc1+ 40.Kg2 Bg5 41.h4 Be7 42.Qb5 Kf7 43.Qxb6
Qc2+ 44.Qf2+ {#r} 1-0

[Event "It (open)"]
[Site "Olomouc (Czech Republic)"]
[Date "2012.08.05"]
[Round "5"]
[White "Nikolaev Leonid (UKR)"]
[Black "Dolezal Radoslav (CZE)"]
[Result "1/2-1/2"]
[WhiteElo "2271"]
[BlackElo "2374"]

1.Nf3 Nf6 2.c4 d6 3.d4 Bg4 4.Qb3 Qc8 5.h3 Bh5 6.g3 Nc6 7.Nbd2 e5 8.d5 Nb8 9.g4
Bg6 10.Nh4 Be7 11.Bg2 Nfd7 12.Nxg6 hxg6 13.Ne4 Na6 14.Qc2 Nac5 15.Nxc5 dxc5
16.g5 Rh4 17.Rg1 Nb6 18.b3 Qf5 19.e4 Qd7 20.Be3 a5 21.a4 Qd6 22.O-O-O Nd7
23.Rh1 O-O-O 24.Bf3 Kb8 25.Bg4 f6 26.f3 Nf8 27.Qd2 Qb6 28.Kb2 fxg5 29.Bf2 Rh8
30.Bg3 Bf6 31.Qc3 Nd7 32.Bxd7 Rxd7 33.Bxe5 Bxe5 34.Qxe5 Qf6 35.Qxf6 gxf6
36.Rdg1 Rh4 37.e5 fxe5 38.Rxg5 Rf7 39.Rxe5 {#d} 1/2-1/2

[Event "It (open) (b)"]
[Site "Vienna (Austria)"]
[Date "2012.08.16"]
[Round "4"]
[White "Langbauer Johann"]
[Black "Hoebarth Guenter (AUT)"]
[Result "0-1"]
[WhiteElo "1799"]
[BlackElo "1947"]

1.d4 Nf6 2.Nf3 d6 3.c4 Bg4 4.Nc3 c6 5.h3 Bh5 6.e4 e6 7.Be3 Be7 8.Bd3 Nbd7 9.g4
Bg6 10.g5 Nh5 11.Be2 e5 12.h4 f5 13.Nxe5 dxe5 14.exf5 Nf4 15.Bxf4 exf4 16.fxg6
hxg6 17.Bd3 Bxg5 18.Bxg6+ Kf8 19.Qf3 Rxh4 20.Rxh4 Bxh4 21.Ne4 Bg5 22.O-O-O Bh6
23.Re1 Qa5 {#R} 0-1

[Event "It (open) \"]
[Site "Berlin (Germany)"]
[Date "2012.08.23"]
[Round "6"]
[White "Rehder Frank (GER)"]
[Black "Richter Goetz (GER)"]
[Result "1/2-1/2"]
[WhiteElo "1862"]
[BlackElo "2019"]

1.d4 Nf6 2.Nf3 d6 3.c4 Bg4 4.Nbd2 Nbd7 5.h3 Bf5 6.e3 c6 7.Qb3 Qc7 8.Bd3 Bxd3
9.Qxd3 g6 10.O-O Bg7 11.Re1 O-O 12.Nf1 d5 13.Ng3 e5 14.cxd5 cxd5 15.dxe5 Nxe5
16.Nxe5 Qxe5 17.Qb3 Nd7 18.Rd1 Nb6 19.Rb1 Rac8 20.Bd2 Rc4 21.Bc3 Qc7 22.Bxg7
{#d} 1/2-1/2

[Event "It (open) \"]
[Site "Berlin (Germany)"]
[Date "2012.08.23"]
[Round "6"]
[White "Winz Michael (GER)"]
[Black "Schindler Rudolf"]
[Result "0-1"]
[WhiteElo "1663"]
[BlackElo "1767"]

1.d4 d6 2.Nf3 Bg4 3.c4 Nf6 4.Nc3 e6 5.Bg5 h6 6.Bh4 g5 7.Bg3 Nh5 8.e4 Nxg3
9.hxg3 Bg7 10.Be2 Qd7 11.Nh2 Bxe2 12.Nxe2 Nc6 13.d5 exd5 14.exd5 Ne7 15.Qc2
O-O-O 16.O-O-O Kb8 17.Nc3 Ng6 18.Qa4 Bxc3 19.Qxd7 Rxd7 20.bxc3 f5 21.Nf3 Re7
22.Nxg5 hxg5 23.Rxh8+ Nxh8 24.Rh1 Nf7 25.Rh7 Kc8 26.Rg7 Kd7 27.Kd2 g4 28.f3
gxf3 29.gxf3 Ne5 {#R} 0-1

[Event "It (open)"]
[Site "Trieste (Italy)"]
[Date "2012.09.02"]
[Round "2"]
[White "Kuljasevic Davorin (CRO)"]
[Black "Jovic Stanoje (SRB)"]
[Result "1-0"]
[WhiteElo "2564"]
[BlackElo "2338"]

1.d4 Nf6 2.c4 d6 3.Nf3 Bg4 4.Nc3 Nbd7 5.e4 e5 6.Be2 c6 7.O-O Be7 8.Be3 O-O
9.d5 cxd5 10.cxd5 Qb8 11.a4 Rc8 12.Nd2 Bxe2 13.Qxe2 Bd8 14.a5 b5 15.Qxb5 a6
16.Qd3 Qxb2 17.Rfc1 Qb4 18.Rab1 Nc5 19.Qe2 Qxa5 20.Nc4 Qc7 21.Nb6 Qxb6 22.Rxb6
Bxb6 23.Rb1 Nfd7 24.Nd1 Na4 25.Bxb6 Naxb6 26.Ne3 g6 27.Qg4 Nf6 28.Qd1 Nbd7
29.f3 a5 30.Qa4 Nc5 31.Qa3 Nfd7 32.Nc4 Ra6 33.Rb5 Nxe4 34.Rxa5 Rxa5 35.Nxa5
Nec5 36.Nc4 e4 37.Nxd6 Rb8 38.Nxe4 Nxe4 39.fxe4 Re8 {#r} 1-0

[Event "It (open)"]
[Site "Trieste (Italy)"]
[Date "2012.09.05"]
[Round "6"]
[White "Demuth Adrien (FRA)"]
[Black "Jovic Stanoje (SRB)"]
[Result "1-0"]
[WhiteElo "2460"]
[BlackElo "2338"]

1.d4 Nf6 2.c4 d6 3.Nf3 Bg4 4.Qb3 Qc8 5.h3 Bxf3 6.Qxf3 Nc6 7.d5 Ne5 8.Qb3 c6
9.Nc3 cxd5 10.cxd5 g6 11.e4 Bg7 12.Be3 O-O 13.Rc1 Qb8 14.Be2 Rc8 15.O-O a6
16.a4 b5 17.axb5 axb5 18.Qxb5 Qxb5 19.Bxb5 Nc4 20.Bxc4 Rxc4 21.f3 Rb4 22.Rc2
Nd7 23.Rfc1 h5 24.Nd1 Nc5 25.Kf1 Na4 26.Rc8+ Rxc8 27.Rxc8+ Kh7 28.Rc7 Bf6
29.Bc1 Nc5 30.Bd2 Rb3 31.Bc3 Kg7 32.e5 {#r} 1-0

[Event "Ch Vietnam (team)"]
[Site "Ho Chi Minh City (Vietnam)"]
[Date "2012.09.24"]
[Round "6"]
[White "Bao Khoa (VIE)"]
[Black "Tu Hoang Thai (VIE)"]
[Result "1-0"]
[WhiteElo "2253"]
[BlackElo "2294"]

1.d4 Nf6 2.Nf3 d6 3.c4 Bg4 4.Qb3 Qc8 5.h3 Bh5 6.Bf4 c5 7.g4 Bg6 8.dxc5 dxc5
9.Nc3 Nfd7 10.Nb5 Na6 11.Bg2 f6 12.Bg3 e5 13.Nxe5 fxe5 14.Bxb7 Qd8 15.Bxa6 Qb6
16.Bb7 Rb8 17.Bd5 Qa5+ 18.Qc3 Qxc3+ 19.bxc3 Rb6 20.Nxa7 Nf6 21.Bc6+ Kf7 22.Bg2
Bd6 23.Nb5 Bb8 24.O-O Rd8 25.Rfd1 Rxd1+ 26.Rxd1 Ke7 27.Bh4 h6 28.g5 hxg5
29.Bxg5 Ra6 30.a3 Ra4 31.Bc6 Rxc4 32.Rd7+ Ke6 33.Bxf6 Kxf6 34.Rd8 {#r} 1-0

[Event "It (open)"]
[Site "Jakarta (Indonesia)"]
[Date "2012.10.17"]
[Round "9"]
[White "Irwanto Sadikin (INA)"]
[Black "Megaranto Susanto (INA)"]
[Result "0-1"]
[WhiteElo "2412"]
[BlackElo "2532"]

1.Nf3 Nf6 2.d4 d6 3.c4 Bg4 4.Nbd2 Nbd7 5.g3 c6 6.Bg2 e6 7.O-O d5 8.b3 Be7
9.Bb2 O-O 10.h3 Bh5 11.g4 Bg6 12.c5 Ne4 13.Nxe4 dxe4 14.Ne5 Nxe5 15.dxe5 Bxc5
16.e3 Qh4 17.Qc2 Be7 18.Rad1 Rfd8 19.Rxd8+ Rxd8 20.Rd1 Rd5 21.b4 a6 22.a4
Rxd1+ 23.Qxd1 h5 24.b5 axb5 25.axb5 cxb5 26.Qd7 hxg4 27.hxg4 b4 28.Qxb7 Kh7
29.Bxe4 Qxg4+ 30.Bg2 Bh4 31.Qf3 Qxf3 32.Bxf3 Bd3 33.Bh5 f6 34.Bf7 fxe5 35.Bxe5
Bc4 36.f4 Bf6 {#R} 0-1

[Event "It \"]
[Site "Saint Louis (USA)"]
[Date "2012.10.18"]
[Round "5"]
[White "Banawa Jouaquin (PHI)"]
[Black "Jung Hans Rudolf (CAN)"]
[Result "1-0"]
[WhiteElo "2300"]
[BlackElo "2150"]

1.d4 d6 2.Nf3 Nf6 3.c4 Bg4 4.Nc3 Bxf3 5.exf3 e5 6.Be3 exd4 7.Bxd4 Nc6 8.Be3
Qd7 9.Qd2 Be7 10.O-O-O O-O-O 11.g4 Kb8 12.g5 Nh5 13.Nd5 g6 14.f4 f5 15.Bg2 Ng7
16.Nxe7 Qxe7 17.Bxc6 bxc6 18.Rhe1 Qf7 19.Qb4+ Kc8 20.Bxa7 Rhe8 21.Be3 Re4
22.b3 Rde8 23.a4 Kd7 24.a5 Qg8 25.a6 Ra8 26.f3 Rxe3 27.Rxe3 Ne6 28.Rde1 Nc5
29.a7 {#r} 1-0